000 00466 a2200157 4500
999 _c321333
_d321333
001 86260
003 NUST
005 20180122102943.0
008 180122b xxu||||| |||| 00| 0 eng d
020 _a9780199066964
082 _a891.5931 MIR
100 _aMirwais Rahmany ; Hamid Stanikzai ; Alex Strick van Linschoten ; Felix Kuehn ; Taliban.
_99453
245 _aPoetry of the Taliban
_hEnglish
250 _a1st
260 _aKarachi
_bOxford university Press
_c2012
300 _axlvii 200p.
500 _aGeneral Collection
942 _aCAE NUST
_cBK
_k891.5931 MIR
_2ddc